000 00580nam a2200169Ia 4500
008 090711s9999 xx 000 0 und d
082 _b1474
100 _aलिमये अरविंद
245 _aस्पर्श प्रकाशाSाा
260 _bचिरानि प्रकाशन
_c2000
300 _a172
600 _aलिमये अरविंद
630 _aस्पर्श प्रकाशाSाा
700 _aलिमये अरविंद
730 _aस्पर्श प्रकाशाSाा
942 _cBOOK
999 _c338505
_d338502